Ανάλυση πολυμεταβλητών τεχνικών στις κοινωνικές επιστήμες
Saved in:
| Other Authors: | |
|---|---|
| Format: | Book |
| Language: | Greek English |
| Published: |
Αθήνα :
Κλειδάριθμος,
2011.
|
| Edition: | 2η Αμερικάνικη εκδ. |
| Subjects: | |
| Tags: |
Add Tag
No Tags, Be the first to tag this record!
|
MARC
| LEADER | 00000cam a2200000 i 4500 | ||
|---|---|---|---|
| 001 | 1/36456 | ||
| 008 | 130918s2011####gr | ||| |||| ||gre|| | ||
| 020 | |a 9789604614417 | ||
| 035 | |l 10115646 | ||
| 040 | |a GR-MY-UA |b gre |e aacr | ||
| 041 | 0 | |a gre |h eng | |
| 082 | 0 | |a 519.535 |2 (22) | |
| 245 | 1 | 0 | |a Ανάλυση πολυμεταβλητών τεχνικών στις κοινωνικές επιστήμες / |c David J. Bartholomew, Fiona Steele, Irini Moustaki, Jane I. Galbraith ; [μετάφραση: Αριστογείτων Γρηγοριάδης]. |
| 250 | |a 2η Αμερικάνικη εκδ. | ||
| 260 | |a Αθήνα : |b Κλειδάριθμος, |c 2011. | ||
| 300 | |a 527 σ. ; |c 24 εκ. | ||
| 500 | |a Τίτλος πρωτοτύπου: Analysis of multivariate social science data. | ||
| 650 | 0 | 0 | |a Social sciences |x Statistical methods. |
| 650 | 0 | 0 | |a Multivariate analysis. |
| 700 | 1 | |a Bartholomew, David J. | |
| 852 | |a INST |b LESVOS |c EUDOXUS |e 20160114 |h 519.535 ΑΝΑ |p 005100057824 |q 005100057824 |t EDX |y 0 | ||
| 852 | |a INST |b SAMOS |c EUDOXUS |e 20130918 |h 519.535 ΑΝΑ |p 005300040519 |q 005300040519 |t EDX |y 0 | ||
| 852 | |a INST |b SAMOS |c EUDOXUS |e 20130918 |h 519.535 ΑΝΑ |p 005300040520 |q 005300040520 |t EDX |y 0 | ||
| 852 | |a INST |b SAMOS |c EUDOXUS |e 20130918 |h 519.535 ΑΝΑ |p 005300040521 |q 005300040521 |t EDX |y 0 | ||
| 852 | |a INST |b SAMOS |c EUDOXUS |e 20210526 |h 519.535 ΑΝΑ |p 005300047217 |q 005300047217 |t EDX |y 0 | ||
| 901 | |a BIBL3-2013-3 | ||
| 909 | |a Σ |b 178704 | ||
| 909 | |a Σ |b 178705 | ||
| 909 | |a Σ |b 178706 | ||
| 920 | |a ΕΥΔΟΞΟΣ |b ΠΑΡΑΓΓΕΛΙΑ-ΤΣΧΑΜ |y ΣΑΜΟΣ |z 2013-05 | ||
| 920 | |a Εύδοξος |b Παραγγελία |y Λέσβος-ΤΓ |z 2016-01 | ||
| 920 | |a Εύδοξος |b Παραγγελία |y Σάμος-ΤΣΑΧΜ |z 2021-04 | ||
| 970 | |a ΓΟΥΒΑΛΑ |b ΒΑΣΩ |z 2013/09/18 | ||